| 000 | 00813nam a22002297a 4500 | ||
|---|---|---|---|
| 999 |
_c14961 _d14961 |
||
| 003 | AR-CdUCM | ||
| 008 | 190425b ||||| |||| 00| 0 spa d | ||
| 020 | _a978-607-532-157-8 | ||
| 040 |
_aMUNICIPALIDAD PROVINCIAL DEL CUSCO _cBIBLIOTECA MUNICIPAL DEL CUSCO |
||
| 041 | _hspa | ||
| 082 |
_aEP / 900 / _bEN56 |
||
| 245 | _aEnciclopedia infantil de los Dinosaurios / | ||
| 260 |
_aMéxico : _bsilver Dolphin, _c2018. |
||
| 300 |
_a192 páginas ; _bImágenes, _c25 cm. |
||
| 505 | _aContenido: Acrocanthosaurus -- África oriental -- Alamosaurus -- Albertosaurus -- Allosaurus -- América del norte... | ||
| 650 |
_aDinosaurios _933093 |
||
| 650 |
_aEnciclopedia _918213 |
||
| 650 |
_aInfantil _96210 |
||
| 700 |
_aMoral, Susana del (traducción) _932914 |
||
| 942 |
_2ddc _cLIBROS |
||
| 945 |
_adavv _d25/04/2019 |
||